| 000 -ლიდერი |
| ფიქსირებული სიგრძის საკონტროლო ველი |
01163nam a2200229Ia 4500 |
| 001 - საკონტროლო ნომერი |
| საკონტროლო ველი |
14076 |
| 003 - საკონტროლო ნომრის იდენტიფიკატორი |
| საკონტროლო ველი |
GE_BSU |
| 005 - ბოლო ოპერაციის თარიღი და დრო |
| საკონტროლო ველი |
20241108114011.0 |
| 008 - ფიქსირებული სიგრძის მონაცემთა ელემენტები - ზოგადი ინფორმაცია |
| ფიქსირებული სიგრძის საკონტროლო ველი |
181216s2006||||ge |||||||||||||| ||geo|| |
| 040 ## - კატალოგიზაციის წყარო |
| Transcribing agency |
GE_BSU |
| 041 ## - ენის კოდი |
| Language code of text/sound track or separate title |
geo |
| 080 ## - უნივერსალური ათობითი კლასიფიკაციის ინდექსი |
| Universal Decimal Classification number |
615.014+338.22 ე-78 |
| 100 ## - მთავარი ჩანაწერი - პიროვნების სახელი |
| Personal name |
ერიაშვილი, ვ. |
| 9 (RLIN) |
23653 |
| 245 ## - ცნობა სათაურის შესახებ |
| Title |
ფარმაცევტული ბიზნესის საფუძვლები / |
| Statement of responsibility, etc |
ვ. ერიაშვილი, ნ. დუღაშვილი ; რედ. : ბ. ჭუმბურიძე ; თბილისის სახ. სამედიცინო უნ-ტი. |
| 264 ## - წარმოების, გამოცემის, დისტრიბუციის და სხვა ცნობები |
| გამოცემის, წარმოების, დისტრიბუციის... ადგილი |
თბილისი : |
| გამოცემის, წარმოების, დისტრიბუციის... სახელწოდება |
საზოგადოება ცოდნა, |
| გამოცემის, წარმოების, დისტრიბუციის... თარიღი |
2006. |
| 300 ## - ფიზიკური აღწერა |
| Extent |
241გვ. ; |
| Dimensions |
20 სმ. |
| 653 ## - INDEX TERM--UNCONTROLLED |
| Uncontrolled term |
ფარმაცევტული ბიზნესის საფუძვლები |
| 700 ## - ADDED ENTRY--PERSONAL NAME |
| Personal name |
დუღაშვილი, ნ. |
| Relator term |
ავტორი |
| 9 (RLIN) |
23654 |
| 700 ## - ADDED ENTRY--PERSONAL NAME |
| Personal name |
ჭუმბურიძე, ბ. |
| Relator term |
რედაქტორი |
| 9 (RLIN) |
9749 |
| 710 ## - ADDED ENTRY--CORPORATE NAME |
| Corporate name or jurisdiction name as entry element |
თბილისის სახ. სამედიცინო უნ-ტი |
| 9 (RLIN) |
23655 |
| 942 ## - ADDED ENTRY ELEMENTS (KOHA) |
| Koha item type |
წიგნი |
| Source of classification or shelving scheme |
|